000 00532nam a2200193Ia 4500
005 20250326144207.0
008 250326s9999 xx 000 0 und d
037 _aTextbook
040 _aFMSL
_beng
_cFMSL
041 _aeng
_2eng
084 _aS K8;1
_qFMSL
100 _aBerne Eric
245 0 _aGames people play-The basic handbook of transectional analysis
_cBerne Eric
260 _aNY
_bNY, Ballantine books
_c2004
300 _a196p
365 _b322.125
942 _cTB
_hS K8;1
999 _c1302737
_d1302737